Roots of Development Communication/ (Record no. 213857)

MARC details
000 -LEADER
fixed length control field 00566nam a22001937a 4500
005 - DATE AND TIME OF LATEST TRANSACTION
control field 20251205125631.0
010 ## - LCCN (DPL NO)
LC control number ENG-147230
020 ## - INTERNATIONAL STANDARD BOOK NUMBER
International Standard Book Number 8178823667
Terms of availability 595.00
035 ## - SYSTEM CONTROL NUMBER
System control number EN-130762
037 ## - SOURCE OF ACQUISITION
Source of stock number/acquisition DBAD
082 ## - DEWEY DECIMAL CLASSIFICATION NUMBER
Classification number 338.90014
Edition number 1
100 ## - MAIN ENTRY--PERSONAL NAME
Personal name Sood, Ritu S
245 ## - TITLE STATEMENT
Title Roots of Development Communication/
Statement of responsibility, etc Ritu S Sood
250 ## - EDITION STATEMENT
Edition statement 1
260 ## - PUBLICATION, DISTRIBUTION, ETC. (IMPRINT)
Place of publication, distribution, etc Delhi
Name of publisher, distributor, etc Surinder Kumar & Sons
Date of publication, distribution, etc 2023
270 ## - ADDRESS
Address 30/21 A-22A, Gali No 9 Vishwas Nagar, Shahdara
City Delhi
Postal code 110032
300 ## - PHYSICAL DESCRIPTION
Extent 192p.
Dimensions 22cm (hb)
942 ## - ADDED ENTRY ELEMENTS (KOHA)
Source of classification or shelving scheme Dewey Decimal Classification
Item type English Books
Classification part 338.90014
Call number suffix SOO
Holdings
Withdrawn status Lost status Not for loan Collection code Home library Current library Date acquired Source of acquisition Cost, normal purchase price Full call number Barcode Copy number Cost, replacement price Koha item type
      Non-fiction Mobile Library Mobile Library 05/12/2025 Delivery of Books Act Division 595.00 338.90014 SOO EN-130762 1 595.00 English Books

© Delhi Public Library
Hit Counter
free hit counter